01072naa#a2200301#i#4500001001600000005001700016011001400033100004100047101000800088102000700096200012800103210010500231215001100336608004500347675012700392700002000519700002400539700002500563700002100588700002000609700002100629700002300650700002100673700001900694700002000713700002300733856001400756RU\\bibl\10548520260417035719.5##a2308-4057##a20260325b2026####ek#y0rusy0150####ca0#aENG##aRU1#aPrecision agriculture as a viable means of enhancing sustainable agricultural productioneЖурнальная статья1#aКемеровоcКемеровский государственный университетd2026##a19 с.##aЖурнальная статья2local##aСельское хозяйство. Лесное хозяйство. Охота. Рыбное хозяйство. 63zENG#1aDiakitegSimbo #1aKavhizagNyasha J. #1aSaqueegFrancess S. #1aPakinagElena N.#1aZargargMeisam #1aDiarragOusmane #1aNormangPrince E. #1aTraoregBrahima #1aSamakegFasse #1aDaougCheickna #1aBabanagAmadou H. 4#azh-szf.ru